000 00228nam a22000857a 4500
008 161124b xxu||||| |||| 00| 0 eng d
100 _91374
_aBPI India
245 _aThe cap Seller and The Monkeys
260 _aNew Delhi
_bBPI India
_c2011
999 _c4089
_d4089